000 00541nam a2200193Ia 4500
003 LDD
008 181029s9999 xx 000 0 und d
020 _a1878289578
_cUS
_64.95
040 _cLDD
100 _aDogac,Asuman
245 0 _aCurrent trends in data management technology
_cAsuman Dogac
260 _aHershey
_bIDEA
_c1999
300 _a213
365 _bUS
_64.95
901 _a1662
_b30-03-1999
902 _aSAR/10789
_b30-03-1999
_cF
_dSB
_e0
903 _aDiscount-10
_bReqst by : Neela Jagnnathan
942 _2ddc
_cBK
999 _c63152
_d63152